| 000 | 00565nam a22001937a 4500 | ||
|---|---|---|---|
| 003 | 0 | ||
| 005 | 20231205093647.0 | ||
| 008 | 231205b xxu||||| |||| 00| 0 eng d | ||
| 020 | _a978-971-518-591-2 | ||
| 050 |
_aCL _bVer531 2012 |
||
| 082 |
_aCL _bVer531 2012 |
||
| 100 | _aVerne, Jules | ||
| 245 |
_aTwenty thousand leagues under the sea _cJules Verne |
||
| 260 |
_aQuezon City _bLampara Publishing House _cc2012. |
||
| 300 |
_a127 pages : _bcolored illustrations ; _c20cm. |
||
| 504 | _aIncludes glossary. | ||
| 650 | _aClassic stories. | ||
| 942 |
_2ddc _cBK |
||
| 999 |
_c365705 _d365705 |
||